书目信息 |
| 题名: |
现代微生物遗传学
|
|
| 作者: | 陈三风 刘德虎 | |
| 分册: | ||
| 出版信息: | 北京 化学工业出版社 2003 |
|
| 页数: | 316 | |
| 开本: | 26cm | |
| 丛书名: | ||
| 单 册: | ||
| 中图分类: | Q933 | |
| 科图分类: | ||
| 主题词: | 微生物遗传学 | |
| 电子资源: | ||
| ISBN: | 7-5025-3947-6 | |
| 000 | 00547nam0 2200181 450 | |
| 001 | 0741144344 | |
| 005 | 20070817112544.34 | |
| 010 | @a7-5025-3947-6@d¥35.00 | |
| 100 | @a20070817d km y0chiy0120 ea | |
| 101 | 0 | @achi |
| 200 | 1 | @a现代微生物遗传学@Axian dai wei sheng wu yi chuan xue@f陈三风 刘德虎@Fchen san feng liu de hu |
| 210 | @a北京@c化学工业出版社@d2003 | |
| 215 | @a316@d26cm | |
| 606 | 0 | @a微生物遗传学 |
| 690 | @aQ933@v3 | |
| 701 | 0 | @a陈三风 刘德虎@Achen san feng liu de hu |
| 801 | 0 | @aCN@bPFT@c20070817 |
| 905 | @a213230@dQ933@en1@f1 | |
| 现代微生物遗传学/陈三风 刘德虎.-北京:化学工业出版社,2003 |
| 316;26cm |
| ISBN 7-5025-3947-6:¥35.00 |
| ● |
| 相关链接 |
|
|
|
|
正题名:现代微生物遗传学
索取号:Q933/n1
 
预约/预借
| 序号 | 登录号 | 条形码 | 馆藏地/架位号 | 状态 | 备注 |
| 1 | 6601334 | 266013342 | 密集书库-生命科学系/ [索取号:Q933/n1] | 在馆 |